Logros sobresalientes : 1995-2001 /

Αποθηκεύτηκε σε:
Λεπτομέρειες βιβλιογραφικής εγγραφής
Συγγραφή απο Οργανισμό/Αρχή: Jalisco. Secretaría de Vialidad y Transporte
Μορφή: Βιβλίο
Γλώσσα:Ισπανικά
Θέματα:
Ετικέτες: Προσθήκη ετικέτας
Δεν υπάρχουν, Καταχωρήστε ετικέτα πρώτοι!

MARC

LEADER 00000nam^a2200000^a^4500
001 000154714
005 20250521000000.0
009 20260310100404.79
037 |a Acervo ITESO - Biblioteca 
041 |a ESP 
082 |a 388. 4097235  |b JAL 1995-2001 
110 |a Jalisco.  |b Secretaría de Vialidad y Transporte 
245 1 0 |a Logros sobresalientes :  |b 1995-2001 / 
264 |a Guadalajara, México :  |b Secretaría de Vialidad y Transporte,  |c 2001 
300 |a 14 p. 
336 |a texto  |b txt  |2 rdacontenido 
337 |a sin mediación  |b n  |2 rdamedio 
338 |a volumen  |b nc  |2 rdasoporte 
649 |a XX 
650 |a Transporte Urbano -  |z Jalisco 
650 |a Transporte Urbano -  |z México 
650 |a Seguridad Vial -  |z Jalisco 
650 |a Seguridad Vial -  |z México 
650 |a Tránsito Vehicular -  |z Jalisco 
650 |a Tránsito Vehicular -  |z México 
650 |a Sistema de Transporte -  |z Jalisco 
650 |a Sistema de Transporte -  |z México 
650 |a Infraestructura Urbana -  |z Jalisco 
650 |a Infraestructura Urbana -  |z México 
650 |a Calidad Ambiental -  |z Jalisco 
650 |a Calidad Ambiental -  |z México 
650 |a Indicadores Ambientales -  |z Jalisco 
650 |a Indicadores Ambientales -  |z México 
650 |a Conservación y Protección Ambiental -  |z Jalisco 
650 |a Conservación y Protección Ambiental -  |z México 
650 |a Política Urbana -  |z Jalisco -  |x Historia 
650 |a Política Urbana -  |z México -  |x Historia 
650 |a Ingeniería Vial 
650 |a Urbanismo 
650 |a Política -  |z Jalisco -  |x Historia -  |y 1994-2000 
650 |a Política -  |z Jalisco -  |x Historia -  |y Siglo XX 
650 |a Política -  |z México -  |x Historia -  |y 1994-2000 
650 |a Política -  |z México -  |x Historia -  |y Siglo XX 
910 |a Fondo General 
920 |a Impresos - Libros 
930 |a Colección General 
905 |a 101 
901 |a 0500086355  |b IT1  |c ACC  |u 20250521 
902 |a https://opac.biblio.iteso.mx/vufind/Record/000154714